| 000 | 00630nam a2200181Ia 4500 | ||
|---|---|---|---|
| 008 | 090124s9999 xx 000 0 und d | ||
| 082 |
_b8486 _a278 |
||
| 100 | _aकाणेकर अनंत | ||
| 245 | _a सोनेरी उन्हांत पाचूची बेटे | ||
| 250 | _a1 | ||
| 260 | _c1955 | ||
| 300 | _a104 | ||
| 600 | _aकाणेकर अनंत | ||
| 630 | _a सोनेरी उन्हांत पाचूची बेटे | ||
| 700 | _aकाणेकर अनंत | ||
| 730 | _a सोनेरी उन्हांत पाचूची बेटे | ||
| 942 | _cBOOK | ||
| 999 |
_c122436 _d122436 |
||